| 000 | 00671nam a2200217 i 4500 | ||
|---|---|---|---|
| 001 | 128726 | ||
| 003 | ES-MaACL | ||
| 005 | 20251012192026.0 | ||
| 007 | t| | ||
| 008 | 070524s1953 ag ||||1| spa d | ||
| 080 | _a634.1 | ||
| 100 | 1 |
_aTamaro, Domenico. _9109151 |
|
| 245 | 1 | 0 |
_aTratado de fruticultura / _cpor Domenico Tamaro ; versión de la 4ª edición italiana por Arturo Caballero. |
| 250 | _a4ª tirada. | ||
| 260 |
_aBuenos Aires : _bGustavo Gili, _c1953. |
||
| 300 |
_a939 p. : _bil. ; _c24 cm. |
||
| 650 | 4 |
_aFruticultura. _912986 |
|
| 700 | 1 |
_aCaballero y Segares, Arturo _933070 |
|
| 852 |
_aES-MaACL _jC-13595 _bR.41397 |
||
| 999 |
_c128726 _d128726 |
||